Clic Quelle unchronie dans ces oeuvres ? - Statistiques

Statistiques générales
  • Ce quiz a été pris 17 fois
  • Le résultat moyen est 5 sur 25
Statistiques - réponses
Hint Réponse % Correct
1961 - Roger Caillois - Ponce Pilate Ponce Pilate gracie le Christ
71%
2013 - Jordan Proust - Et si Hitler... ? Le Reich de 1000 ans L'Allemagne gagne la 2e Guerre mondiale
57%
1836 - Louis Geoffroy Napoléon - Napoléon et la conquête du monde Napoléon gagne la campagne de Russie
57%
2001 - Eric-Emmanuel Schmitt - La part de l'autre Hitler réussit le concours et entre à l'école des Beaux-arts de Vienne
43%
1980 - André Costa - L'appel du 17 juin Le maréchal Pétain appelle à continuer le combat
43%
1982 - Jean Texel - Parisgrad L'URSS envahit la France
43%
2023 - Antoine Vincent - Un septennat nouveau François Mitterrand perd la présidentielle de 1981
36%
1986 - Thierry Ardisson - Louis XX En 1870, Henri V devient roi
21%
1992 - Nicolas Saudray - Les oranges de Yalta En 1941, le Japon attaque l'URSS
21%
2019 - Laurent Binet - Civilizations Les Espagnols échouent en Amérique du sud. Les Incas débarquent en Europe en 1531
21%
1988 - Greg Bear - Eternité Alexandre le Grand meurt à un âge avancé et son empire subsiste.
14%
2011 - Roland Wagner - Rêves de gloire Charles de Gaulle est assassiné en 1962
7%
1996 - Jean Dutourd - Le feld-marechal von Bonaparte En 1788, la France n'achète pas la Corse
7%
2015 - Pierre Léauté - Mort aux grands L'Allemagne gagne la 1ère Guerre mondiale
7%
2013 - Marc Stroobants - Et s'ils avaient gagné... L'Allemagne gagne la 2e Guerre mondiale
7%
1967 - Robert Silverberg - La porte des mondes La Peste noire provoque l'effondrement de la civilisation européenne au XIVe siècle
7%
1968 - Keith Roberts - Pavane La reine Elisabeth 1ère d'Angleterre est assassinée par les Espagnols qui ont envahi son pays en 1588
7%
1953 - Ward Moore - Autant en emporte le temps Les Sudistes gagnent la guerre de Secession
7%
2010 - Valéry Giscard d'Estaing - La victoire de la Grande armée Napoléon gagne la campagne de Russie
7%
1936 - Régis Messac - Voyage en Uchronie L'Allemagne gagne la 1ère Guerre mondiale
0%
1992 - Robert Harris - Fatherland L'Allemagne gagne la 2e Guerre mondiale
0%
2014 - Sébastien Capelle - Napoléon en Amérique La Révolution de 1789 échoue
0%
1980 - Balthazar - As-tu vu Montézuma ? Louis XVI meurt en 1789
0%
1983 - Bernard Quillet - La véritable histoire de France Louis XVI meurt en 1789
0%
2009 - Nicolas Pilliet - L'histoire est un mensonge… que personne ne conteste Napoléon gagne à Waterloo
0%
Aucun quiz correspondant
Distribution des résultats
% des personnes avec chaque résultat
Percentile par nombre de réponses
Votre historique - résultats
Vous n’avez pas pris ce quiz